| 000 | 00883cam a22002651 4500 | ||
|---|---|---|---|
| 001 | 7020541 | ||
| 005 | 20050812181849.0 | ||
| 008 | 741204s1960 xx 000 0 eng | ||
| 010 | _a 60006874 | ||
| 015 | _aGB61-2741 | ||
| 035 | _a(OCoLC)1098265 | ||
| 040 |
_aDLC _cMBNU _dOCoLC _dUk _dOCoLC _dDLC |
||
| 042 | _apremarc | ||
| 050 | 0 | 0 |
_aTN870 _b.G333 |
| 082 |
_a665.5 _222 _bGAL |
||
| 100 | 1 |
_aGatlin, Carl. _97353 |
|
| 245 | 0 | 0 |
_aPetroleum Engineering: _bDrilling and Well Completions/ _cCarl Gatlin |
| 260 |
_aEnglewood Cliffs, N.J.: _bPrentice-Hall, _c1960. |
||
| 300 |
_aviii, 341 p.: _bill. ; _c29 cm. |
||
| 500 | _aIncludes index | ||
| 504 | _aIncludes bibliography. | ||
| 650 | 0 |
_aPetroleum engineering. _97354 |
|
| 942 |
_2ddc _cBB |
||
| 999 |
_c12147 _d12147 |
||